000 00699nam a22002177a 4500
005 20240530110901.0
008 220214s2006 ua g 000 0 ara d
017 _a2005/2595
_bمصر. دار الكتب
020 _a977351210x
040 _aEG-CaGPL
_cEG-CaGPL
082 0 4 _221
_a320.956/
_bا ت
100 0 _aاشرف عمار
245 1 0 _aتحولات الشرق الاوسط /
_cاشرف عمار
250 _aط. 1
260 _aالقاهرة :
_bدار ميريت،
_c2006
300 _a216 ص. ؛
_c20 سم
650 0 7 _2qrmak
_aالقضية الفلسطينية
651 0 7 _2qrmak
_aالعراق
_xتاريخ
942 _2ddc
_cBK
999 _c66135
_d66135